000 00458nam a2200181Ia 4500
001 20571
005 20260306172815.0
008 260306t2015||||xx |||||||||||||| ||spa||
041 _aESP
082 _a343.4
_bL87
100 _aLópez Flores, Berly Javier
_eAUT
245 0 _aMedios impugnatorios en los procesos constitucionales
260 _c2015
300 _a222 páginas :
_c24 cm.
650 _aGEN
654 _aCDE
942 _cLIB
_dJUS
_fJUS
_2ddc
_n
999 _c20571
_d20571